| 000 | 00615nam a22001937a 4500 | ||
|---|---|---|---|
| 999 |
_c18945 _d18945 |
||
| 003 | AR-CdUCM | ||
| 008 | 190515b ||||| |||| 00| 0 spa d | ||
| 040 |
_aMUNICIPALIDAD PROVINCIAL DEL CUSCO _cBIBLIOTECA MUNICIPAL DEL CUSCO |
||
| 082 |
_a621.38 / _bM32 |
||
| 100 |
_aMay, Julián _923082 |
||
| 245 | _aEn el mundo de la electrónica / | ||
| 260 |
_aMéxico : _bCentro regional de ayuda tecnica, _c1965. |
||
| 300 |
_a171 paginas ; _c22 cm. |
||
| 505 | _aContenido :Electrónica / | ||
| 650 |
_aElectronica _920935 |
||
| 650 |
_aMorse y modulación _939878 |
||
| 942 |
_2ddc _cLIBROS |
||
| 945 |
_arjall _d2019-05-15 |
||